| 000 -CABECERA |
| Longitud fija campo de control |
00524nam a2200181 a 4500 |
| 001 - NÚMERO DE CONTROL |
| Número de control |
3824 |
| 003 - IDENTIFICADOR DEL NÚMERO DE CONTROL |
| Identificador del número de control |
CDMR |
| 005 - FECHA Y HORA DE LA ÚLTIMA TRANSACCIÓN |
| Fecha y hora de la última transacción |
20130502195927.0 |
| 008 - CÓDIGOS DE INFORMACIÓN DE LONGITUD FIJA |
| Códigos de información de longitud fija |
130130s1999||||||||||||||||||||||||||||d |
| 020 ## - NÚMERO INTERNACIONAL NORMALIZADO PARA LIBROS |
| Número Internacional Normalizado para Libros (ISBN) |
8449306531 |
| 040 ## - FUENTE DE LA CATALOGACIÓN |
| Centro catalogador de origen |
CDMR |
| Lengua de catalogación |
cat |
| Centro transcriptor |
CDMR |
| 100 1# - PUNTO DE ACCESO PRINCIPAL-NOMBRE DE PERSONA |
| Nombre de persona |
Aznar, Hugo |
| 9 (RLIN) |
383 |
| 245 10 - MENCIÓN DE TÍTULO |
| Título |
Ética y periodismo |
| Resto del título |
: códigos, estatutos y otros documentos de autorregulación |
| Mención de responsabilidad, etc. |
Hugo Aznar |
| 260 ## - PUBLICACIÓN, DISTRIBUCIÓN, ETC. (PIE DE IMPRENTA) |
| Lugar de publicación, distribución, etc. |
Barcelona |
| Fecha de publicación, distribución, etc. |
1999 |
| Nombre del editor, distribuidor, etc. |
Paidós |
| 490 0# - MENCIÓN DE SERIE |
| Mención de serie |
Papeles de comunicación |
| Designación de volumen o secuencia |
23 |
| 650 ## - PUNTO DE ACCESO ADICIONAL DE MATERIA - TÉRMINO DE MATERIA |
| 9 (RLIN) |
983 |
| Término de materia o nombre geográfico como elemento inicial |
Ètica periodística |
| 942 ## - ENTRADA DE ELEMENTOS AGREGADOS (KOHA) |
| Koha [por defecto] tipo de item |
Monografies |
| Fuente de clasificaión o esquema |
|